000 01265naa a22003497a 4500
001 BR7907229
003 BR-BrBNA
005 20240918174506.0
007 ta
008 230509b bl.||||| |||| 00| 0 por d
040 _aBR-BrBNA
_bpor
_cBiblioteca Nacional de Agricultura
041 _a(Pt)
072 _aH20
_b0170
_b4120
_bG514
090 _aH20 BR7907229
100 1 _aBrancao, N.
100 1 _aCasela, C.R.
100 1 _aRaupp, A.A.A.
111 1 _a24. Reuniao Tecnica Anual do Milho e 8. do Sorgo Granifero
_cPorto Alegre, RS (Brazil)
_d1979
245 1 _aEstudo e controle das doencas [mildio, antracnose, ferrugem, sorgo, Pelotas, Rio Grande do Sul, Brasil]
260 3 _aPorto Alegre, RS (Brasil):
_c1979.
500 _aAta da 24. Reuniao Tecnica Anual do Milho e 8. do Sorgo Granifero Porto Alegre, RS (Brasil): 1979. p. 143-149 (BR7907229-AM)H20
650 _aANTRACNOSE
650 _aMILDIO
650 _aFERRUGEM
650 _aSORGO
650 _aVARIEDADE RESISTENTE
650 _aPELOTAS
650 _aRIO GRANDE DO SUL
773 0 _tAta da 24. Reuniao Tecnica Anual do Milho e 8. do Sorgo Granifero
_wH20 BR7907229
_gPorto Alegre, RS (Brasil), 1979. p. 143-149
909 _a202404
_bLucia
_c55
_dLucia Elande
942 _cAM
_2AGRIS
999 _c311585
_d311585